000 00442nam a2200181Ia 4500
003 OSt
005 20140329153917.0
008 140130s9999 xx 000 0 und d
020 _a9780439503747
050 _aTR
_bSe1May 19--
100 _aSevaly, Karen
245 _cKaren Sevaly
_aMay! Idea book /
260 _bScholastic,
_aU.S.A :
_c19--.
300 _a144 p. :
_bill. ;
_c24 cm.
440 _v1
942 _cBK
_2lcc
999 _c42090
_d42090